书目信息 |
| 题名: |
遗传学实验指导
|
|
| 作者: | 张文霞 戴灼华 | |
| 分册: | ||
| 出版信息: | 北京 高等教育出版社 |
|
| 页数: | 178 | |
| 开本: | 26cm | |
| 丛书名: | ||
| 单 册: | ||
| 中图分类: | Q3-3 | |
| 科图分类: | ||
| 主题词: | 遗传学--研究方法 , 实验遗传学 | |
| 电子资源: | ||
| ISBN: | 7-04-020768-2 | |
| 000 | 00598nam0 2200193 450 | |
| 001 | 1735540546 | |
| 005 | 20170410095220.54 | |
| 010 | @a7-04-020768-2@d¥16.40 | |
| 100 | @a20170410d km y0chiy0120 ea | |
| 101 | 0 | @achi |
| 200 | 1 | @a遗传学实验指导@Ayi chuan xue shi yan zhi dao@f张文霞 戴灼华@Fzhang wen xia dai zhuo hua |
| 210 | @a北京@c高等教育出版社 | |
| 215 | @a178@d26cm | |
| 606 | 0 | @a遗传学@x研究方法 |
| 606 | 0 | @a实验遗传学 |
| 690 | @aQ3-3@v4 | |
| 701 | 0 | @a张文霞 戴灼华@Azhang wen xia dai zhuo hua |
| 801 | 0 | @aCN@b大连网信软件有限公司图书馆·11@c20170410 |
| 905 | @b6602633@dQ3-3@en3@f1 | |
| 遗传学实验指导/张文霞 戴灼华.-北京:高等教育出版社 |
| 178;26cm |
| ISBN 7-04-020768-2:¥16.40 |
| ● |
| 相关链接 |
|
|
|
|
正题名:遗传学实验指导
索取号:Q3-3/n3
 
预约/预借
| 序号 | 登录号 | 条形码 | 馆藏地/架位号 | 状态 | 备注 |
| 1 | 6602633 | 266026338 | 密集书库-生命科学系/ [索取号:Q3-3/n3] | 在馆 |